000 00798nam a22002297a 4500
005 2012010608128.0
008 120106t xxu||||| |||| 00| 0 eng d
010 _aENG-104636
020 _a9789380408767
_c250.00
035 _aEN-88169
037 _bDBAD/PUB
040 _aDPL
_bEng
082 _a005.73
100 _aVerma, Santosh
_938484
245 _aData structures and algorithms /
_cby Santosh Verma
260 _aNew Delhi
_bAcme Learning
_c2011
270 _a2/8 Ansari Road Darya Ganj
_bNew Delhi
_e110002
300 _axii,413p. :
_c24cm(pbk)
_bill.
500 _aIncludes index
942 _2ddc
_cEN
_h005.73
_mVER
999 _c60465
_d60465